Vinland Saga - Grand quiz #1 - Statistiques

Statistiques générales
  • Ce quiz a été pris 28 fois
    21 depuis la dernière actualisation
  • Le résultat moyen est 15 sur 20
Statistiques - réponses
Question Réponse % Correct
Pourquoi Thorfinn reste avec Askeladd ? Pour venger son père
100%
Qui est Leif Eriksson ? Un marchand ambulant
100%
Qui est Thorkell pour Thorfinn ? Il est son grand-oncle
95%
Pour quel pays les guerriers vikings combattent ils ? Danemark
90%
Où Thorfinn est né ? Islande
90%
Qui finit par tuer Askeladd ? Knut
90%
Qui est le fidèle bras droit d'Askeladd ? Björn
86%
Quel est le vrai nom d'Askeladd ? Lucius Artorius Castus
86%
Comment Thors à simuler sa mort pour fuir les jomvikings? Tomber à l'eau lors d'une bataille navale
86%
Pourquoi le roi du Danemark a envoyé son fils à la guerre ? Pour qu'il y meure
81%
Comment l'armée d'Askeladd a fui l'armée de Thorkell ? En se réfugiant au Pays de Galles
71%
Qui est le roi du Danemark ? Sven
71%
Que veut dire le nom "Askeladd" ? Couvert de cendre
67%
Où Thors est-il tué ? Iles Féroé
67%
Bien que Thorkell soit un viking, pourquoi il se bat au coté de l'Angleterre ? Les anglais sont trop faible à la guerre
67%
Quelle est la chose qu'Askeladd hait le plus ? Les norrois
67%
Qui est l'auteur de Vinland Saga ? Makoto Yukimura
62%
Où a lieu la campagne militaire d'Askeladd ? Angleterre
57%
Qu'est ce que recherche le moine Willibald ? L'amour
52%
Quand commence l'histoire ? XIe siècle
29%
Aucun quiz correspondant
Distribution des résultats
% des personnes avec chaque résultat
Percentile par nombre de réponses
Votre historique - résultats
Vous n’avez pas pris ce quiz depuis la dernière actualisation